Statistiques concernant Trouve les 11 défenses de titre de Jon Jones à l’UFC

Cliquez ici pour prendre le quiz!

Statistiques générales

  • Ce quiz a été pris 52 fois
  • Le résultat moyen est 5 sur 11

Statistiques - réponses

HintRéponse% Correct
8.Daniel Cormier
88%
11.Dominick Reyes
67%
6.Alexander Gustafsson
60%
2.Lyoto Machida
60%
1.Quinton Jackson
40%
5.Chael Sonnen
36%
9.Anthony Smith
29%
3.Rashad Evans
29%
7.Glover Teixeira
26%
4.Victor Belfort
24%
10.Thiago Santos
21%

Distribution des résultats

Percentile par nombre de réponses

% des personnes avec chaque résultat

Votre développement - résultats

Vous n’avez pas pris ce quiz